| 000 | 00777nam0a22002411 4500 | ||
|---|---|---|---|
| 001 | RU\INFOCOMM_327\NLR\5000005588 | ||
| 005 | 20250613104702.0 | ||
| 035 | _a(NLR Aleph) 009510523 | ||
| 090 |
_a8763314 _c8763314 |
||
| 100 | _a20121206d1929 |||y0rusy50 ca | ||
| 101 | 0 | _ager | |
| 102 | _aRU | ||
| 105 | _ay z ||||| | ||
| 200 | 1 | _aEinheitliches Statut der Gesellschaft der 'Kinderfreunde" der Republik der wolgadeutschen | |
| 210 |
_aPokrowsk _cdrick des ZVWR der ASRR der WD _d1929 |
||
| 215 |
_a19 с. _d13 см |
||
| 300 | _aБез тит. л. Описано по обл. | ||
| 710 | 0 | 2 |
_a"Kinderfreunde", Gesellschaft der ASSR der Wolgadeutschen _4070 |
| 801 | 1 |
_aRU _bNLR _c20121206 |
|
| 801 | 0 |
_aRU _bINFOCOMM _gPSBO |
|
| 852 |
_aNLR _jЕ-8/1329 |
||
| 942 | _cBOOK | ||
| 980 | _aNB | ||